| 000 | 00000nam##2200000za#4500 |
| 001 | 9.568995 |
| 003 | CaOODSP |
| 005 | 20210624181541 |
| 007 | cr ||||||||||| |
| 008 | 150406|1998||||xxc|||||o f|0| 0 eng|d |
| 040 | |aCaOODSP|beng |
| 043 | |an-cn--- |
| 086 | 1 |aBT31-4/79-1998E-PDF |
| 110 | 1 |aCanada. |bTreasury Board. |
| 245 | 10|aCanadian Food Inspection Agency, performance report for the period ending March 31, 1998 |h[electronic resource] |
| 246 | 3 |aCanadian Food Inspection Agency, Departmental Performance Report, 1997-98 |
| 260 | |aOttawa - Ontario : |bTreasury Board of Canada Secretariat |c[1998]. |
| 300 | |a70p.|bfig., graph, map, organization chart, tables, photographs |
| 490 | 1 |aPerformance report for the period ending March 31, 1998 |vFor the period ending March 31, 1998 |
| 500 | |aThe catalogue number (BT31-4/79-1998) and ISBN (0-660-60745-X) for the bilingual print edition have been incorrectly copied in this electronic publication. |
| 590 | |a11-02-Supp|b2011-01-27 |
| 775 | 08|tAgence canadienne d'inspection des aliments, rapport sur le rendement pour la période se terminant le 31 mars 1998 |w(CaOODSP)9.600237 |
| 776 | 0#|tAgence canadienne d'inspection des aliments|w(CaOODSP)9.531161 |
| 776 | 0#|tCanadian Food Inspection Agency|w(CaOODSP)9.531160 |
| 830 | #0|aPerformance report for the period ending March 31, 1998 ;|vFor the period ending March 31, 1998|w(CaOODSP)9.506257 |
| 856 | 40|ahttp://publications.gc.ca|qPDF|s423 KB|uhttps://publications.gc.ca/collections/Collection/BT31-4-79-1998E.pdf|yFor the period ending March 31, 1998 |